Jean Macé et l'instruction obligatoire / (Record no. 18776)
[ view plain ]
| 000 -LEADER | |
|---|---|
| fixed length control field | 00734cam a22002177a 4500 |
| 001 - CONTROL NUMBER | |
| control field | e 09000494 |
| 003 - CONTROL NUMBER IDENTIFIER | |
| control field | DLC |
| 005 - DATE AND TIME OF LATEST TRANSACTION | |
| control field | 20260227111150.0 |
| 008 - FIXED-LENGTH DATA ELEMENTS--GENERAL INFORMATION | |
| fixed length control field | 071002s1902 fr b 000 0 fre |
| 010 ## - LIBRARY OF CONGRESS CONTROL NUMBER | |
| LC control number | e 09000494 |
| 040 ## - CATALOGING SOURCE | |
| Original cataloging agency | DLC |
| Transcribing agency | DLC |
| 050 00 - LIBRARY OF CONGRESS CALL NUMBER | |
| Classification number | MLCS 2007/48066 (L) |
| 051 ## - LIBRARY OF CONGRESS COPY, ISSUE, OFFPRINT STATEMENT | |
| Classification number | MLCS 2007/48066a |
| Copy information | Preservation photocopy. ([North Manchester, IN : HF Group, 2013]. 20 cm.) |
| 100 1# - MAIN ENTRY--PERSONAL NAME | |
| Personal name | Compayré, Gabriel, |
| Dates associated with a name | 1843-1913. |
| 245 10 - TITLE STATEMENT | |
| Title | Jean Macé et l'instruction obligatoire / |
| Statement of responsibility, etc. | par Gabriel Compayré. |
| 260 ## - PUBLICATION, DISTRIBUTION, ETC. | |
| Place of publication, distribution, etc. | Paris : |
| Name of publisher, distributor, etc. | P. Delaplane, |
| Date of publication, distribution, etc. | [1902] |
| 300 ## - PHYSICAL DESCRIPTION | |
| Extent | 104 p. ; |
| Dimensions | 17 cm. |
| 490 0# - SERIES STATEMENT | |
| Series statement | Les grandes éducateurs |
| 504 ## - BIBLIOGRAPHY, ETC. NOTE | |
| Bibliography, etc. note | Includes bibliographical references (p. [99]-100). |
| 600 10 - SUBJECT ADDED ENTRY--PERSONAL NAME | |
| Personal name | Macé, Jean, |
| Dates associated with a name | 1815-1894. |
No items available.